| 000 | 00364nam a2200145Ia 4500 | ||
|---|---|---|---|
| 008 | 191201s2005 xx 000 0 und d | ||
| 082 |
_a621.31042 _bBIG |
||
| 100 | _aBIMBHRA, P S | ||
| 245 | 0 | _aGeneralized Theory of Electrical Machines | |
| 250 | _a5th | ||
| 260 |
_aN.Delhi _bKhanna Publisher _c2005 |
||
| 300 | _a451 | ||
| 650 | _aB.Tech(ECE) | ||
| 942 |
_2ddc _cBK |
||
| 999 |
_c1026 _d1026 |
||